[Event "Bundesliga 2022-23"]
[Site "Dresden GER"]
[Date "2023.02.05"]
[Round "6.6"]
[Board "2"]
[White "Fressinet, Laurent"]
[Black "Kraemer, Martin"]
[Result "1-0"]
[WhiteTitle "GM"]
[BlackTitle "GM"]
[WhiteElo "2622"]
[BlackElo "2579"]
[WhiteTeam "SV Werder Bremen"]
[BlackTeam "SF Berlin"]
[WhiteFideId "608742"]
[BlackFideId "4671910"]
[EventDate "2022.10.22"]

1. d4 d5 2. Nf3 Nf6 3. c4 dxc4 4. e3 e6 5. Bxc4 a6 6. O-O c5 7. Be2 Nbd7 8. b3
b6 9. Nbd2 Bb7 10. Bb2 Be7 11. Nc4 O-O 12. Rc1 b5 13. Nce5 Rc8 14. a4 cxd4 15.
Bxd4 Nxe5 16. Nxe5 Qd5 17. f3 Rxc1 18. Qxc1 Nd7 19. Qc7 Nxe5 20. Qxe7 Ng6 21.
Qb4 e5 22. Bb2 bxa4 23. bxa4 a5 24. Qb5 Qd2 25. Bc1 Qc2 26. Bd3 Qc7 27. Ba3 Bc6
28. Qc5 Rc8 29. Rc1 Qb7 30. Bf5 Rc7 31. Qxa5 h6 32. Bd6 Qb3 33. Qc3 1-0

[Event "Bundesliga 2022-23"]
[Site "Dresden GER"]
[Date "2023.02.05"]
[Round "6.6"]
[Board "3"]
[White "Blohberger, Felix"]
[Black "Van Foreest, Lucas"]
[Result "0-1"]
[WhiteTitle "GM"]
[BlackTitle "GM"]
[WhiteElo "2493"]
[BlackElo "2568"]
[WhiteTeam "SF Berlin"]
[BlackTeam "SV Werder Bremen"]
[WhiteFideId "1632051"]
[BlackFideId "1039792"]
[EventDate "2022.10.22"]

1. e4 c5 2. Nf3 d6 3. d4 cxd4 4. Nxd4 Nf6 5. Nc3 a6 6. g3 e5 7. Nde2 Nbd7 8. a4
b6 9. Nd5 Nxd5 10. Qxd5 Rb8 11. Nc3 Be7 12. Bc4 O-O 13. Be3 b5 14. axb5 axb5 15.
Bxb5 Nf6 16. Qd3 Bh3 17. Bg5 Qb6 18. Ra6 Qc5 19. Bxf6 Bxf6 20. Rxd6 Qb4 21. Ke2
Bg4+ 22. f3 Be6 23. Rb1 Rfc8 24. Nd5 Qxb5 25. Qxb5 Rxb5 26. Kd3 Kf8 27. b4 Be7
28. c4 Rxb4 29. Rxb4 Bxd6 30. Rb5 Bh3 31. Rb1 Ke8 32. g4 Rb8 0-1

[Event "Bundesliga 2022-23"]
[Site "Dresden GER"]
[Date "2023.02.05"]
[Round "6.6"]
[Board "4"]
[White "Pruijssers, Roeland"]
[Black "Kaasen, Tor Fredrik"]
[Result "1/2-1/2"]
[WhiteTitle "GM"]
[BlackTitle "IM"]
[WhiteElo "2555"]
[BlackElo "2445"]
[WhiteTeam "SV Werder Bremen"]
[BlackTeam "SF Berlin"]
[WhiteFideId "1013068"]
[BlackFideId "1516647"]
[EventDate "2022.10.22"]

1. e4 c5 2. Nc3 a6 3. g3 b5 4. Bg2 Bb7 5. d3 e6 6. Nh3 Be7 7. O-O b4 8. Ne2 d5
9. f4 Nf6 10. Nf2 Nc6 11. g4 dxe4 12. dxe4 Qc7 13. c3 Rd8 14. Qc2 h6 15. e5 Nd5
16. c4 Nd4 17. Nxd4 cxd4 18. Qd3 Ne3 19. Bxe3 dxe3 20. Qxe3 Bxg2 21. Kxg2 1/2-1/2

[Event "Bundesliga 2022-23"]
[Site "Dresden GER"]
[Date "2023.02.05"]
[Round "6.6"]
[Board "5"]
[White "Hess, Max"]
[Black "Grigorian, Spartak"]
[Result "1-0"]
[WhiteTitle "FM"]
[BlackTitle "IM"]
[WhiteElo "2361"]
[BlackElo "2460"]
[WhiteTeam "SF Berlin"]
[BlackTeam "SV Werder Bremen"]
[WhiteFideId "24656666"]
[BlackFideId "24661490"]
[EventDate "2022.10.22"]

1. Nf3 Nf6 2. c4 e6 3. Nc3 d5 4. e3 a6 5. b3 c5 6. Bb2 Nc6 7. d4 cxd4 8. Nxd4 e5
9. Nxc6 bxc6 10. cxd5 cxd5 11. Be2 Bb7 12. O-O Bd6 13. Rc1 h5 14. Na4 Qe7 15. f4
d4 16. exd4 e4 17. Nb6 Rd8 18. Qe1 Ng4 19. Nc4 Bb8 20. h3 Ba7 21. Rd1 Nf6 22.
Qh4 Nd5 23. Qg3 Qf6 24. Qg5 h4 25. Qe5+ Qxe5 26. fxe5 f6 27. Nd6+ Rxd6 28. exd6
Kd7 29. Bg4+ Kxd6 30. Rfe1 g6 31. Ba3+ Kc7 32. Bc5 Bxc5 33. dxc5 f5 34. Be2 Nf4
35. Bc4 g5 36. Rd6 Re8 37. Bxa6 Bc6 38. b4 e3 39. b5 Bxg2 40. b6+ Kb8 41. Rxe3 1-0

[Event "Bundesliga 2022-23"]
[Site "Dresden GER"]
[Date "2023.02.05"]
[Round "6.6"]
[Board "6"]
[White "Reuker, Jari"]
[Black "Schmidek, Emil"]
[Result "0-1"]
[WhiteTitle "IM"]
[BlackTitle "IM"]
[WhiteElo "2432"]
[BlackElo "2414"]
[WhiteTeam "SV Werder Bremen"]
[BlackTeam "SF Berlin"]
[WhiteFideId "12909300"]
[BlackFideId "12908150"]
[EventDate "2022.10.22"]

1. d4 d5 2. c4 e6 3. Nc3 a6 4. cxd5 exd5 5. Qb3 c6 6. e4 dxe4 7. Bc4 Qe7 8. a4
Nh6 9. Nge2 Nf5 10. Bf4 g5 11. Be5 f6 12. Bg3 h5 13. h4 Nxg3 14. fxg3 Bh6 15. d5
Nd7 16. O-O gxh4 17. Nf4 Nc5 18. Qd1 Bg4 19. Qd4 Bxf4 20. Rxf4 O-O-O 21. Qe3 a5
22. dxc6 f5 23. Nd5 Qd6 24. cxb7+ Nxb7 25. gxh4 Qc5 26. Qxc5+ Nxc5 27. Ne7+ Kc7
28. Nxf5 Rhf8 29. Raf1 Nd3 30. Bxd3 exd3 31. Rc4+ Kb6 32. Ne3 Rxf1+ 33. Nxf1 d2
34. Nxd2 Rxd2 35. b4 axb4 36. Rxb4+ Ka5 37. Rc4 Ra2 38. Rxg4 hxg4 39. Kh2 Ra3
40. h5 Kxa4 41. h6 Kb5 42. h7 Ra8 43. Kg3 Rh8 44. Kxg4 Rxh7 45. Kf5 Kc6 46. g4
Kd7 47. Kg6 Rh1 48. g5 Ke7 49. Kg7 Rg1 50. g6 Rg2 0-1

[Event "Bundesliga 2022-23"]
[Site "Dresden GER"]
[Date "2023.02.05"]
[Round "6.6"]
[Board "7"]
[White "Kristoferitsch, Daniel"]
[Black "Markgraf, Alexander"]
[Result "1-0"]
[WhiteTitle "FM"]
[BlackTitle "IM"]
[WhiteElo "2283"]
[BlackElo "2477"]
[WhiteTeam "SF Berlin"]
[BlackTeam "SV Werder Bremen"]
[WhiteFideId "1642650"]
[BlackFideId "4646410"]
[EventDate "2022.10.22"]

1. d4 f5 2. g3 Nf6 3. Bg2 g6 4. Nf3 Bg7 5. O-O O-O 6. b3 d6 7. Bb2 Qe8 8. c4 h6
9. Nc3 g5 10. Qc2 Na6 11. Rad1 Qh5 12. h3 c6 13. d5 c5 14. Nh2 Nc7 15. f4 gxf4
16. Rxf4 Qg5 17. Rf3 Nd7 18. Bc1 Qh5 19. Rdf1 Ne5 20. R3f2 Bd7 21. e3 Qg6 22.
Ne2 b5 23. Nf3 Nxf3+ 24. Rxf3 bxc4 25. bxc4 Rab8 26. g4 Qf6 27. e4 f4 28. Rxf4
Qe5 29. Rxf8+ Bxf8 30. Rf3 Rb4 31. Ra3 a6 32. Qd3 Qa1 33. Kf2 Bg7 34. Bd2 Rb8
35. Bc3 Rf8+ 36. Ke3 Bd4+ 37. Kd2 Bxc3+ 38. Qxc3 Qxc3+ 39. Rxc3 Rf2 40. Rg3 Rf8
41. Rb3 Bc8 42. Ke3 Ne8 43. Nf4 Nf6 44. Bf3 Nd7 45. Ne6 Re8 46. Nc7 Rf8 47. Ne6
Re8 48. Be2 Kh7 49. a4 Rg8 50. Nf4 Kg7 51. a5 Kf6 52. Rb1 Kf7 53. Rf1 Kg7 54.
Nd3 Re8 55. Bd1 e6 56. Ba4 exd5 57. cxd5 Re7 58. Bxd7 Bxd7 59. Nf4 Be8 60. Ne6+
Kg6 61. h4 Bf7 62. Nf4+ Kg7 63. Rb1 1-0

[Event "Bundesliga 2022-23"]
[Site "Dresden GER"]
[Date "2023.02.05"]
[Round "6.6"]
[Board "8"]
[White "Schulze, Lara"]
[Black "Brettschneider, Stefan"]
[Result "1-0"]
[WhiteTitle "FM"]
[BlackTitle "FM"]
[WhiteElo "2266"]
[BlackElo "2281"]
[WhiteTeam "SV Werder Bremen"]
[BlackTeam "SF Berlin"]
[WhiteFideId "12956830"]
[BlackFideId "4615778"]
[EventDate "2022.10.22"]

1. e4 d6 2. d4 Nf6 3. Nc3 g6 4. Be3 Bg7 5. Qd2 c6 6. Bh6 Bxh6 7. Qxh6 Qa5 8. Bd3
Na6 9. Ne2 Bd7 10. O-O Nc7 11. b4 Qh5 12. Qxh5 Nxh5 13. a4 e5 14. f4 f6 15. Rad1
O-O-O 16. b5 Bg4 17. h3 Bxe2 18. Nxe2 Ne6 19. fxe5 dxe5 20. dxe5 fxe5 21. bxc6
bxc6 22. Rf7 Nc5 23. Rxa7 Nxe4 24. Rf1 Nd6 25. Rb1 1-0

[Event "Bundesliga 2022-23"]
[Site "Remagen GER"]
[Date "2023.02.05"]
[Round "6.7"]
[Board "1"]
[White "Parligras, Mircea-Emilian"]
[Black "Navara, David"]
[Result "1/2-1/2"]
[WhiteTitle "GM"]
[BlackTitle "GM"]
[WhiteElo "2560"]
[BlackElo "2676"]
[WhiteTeam "SC Remagen Sinzig"]
[BlackTeam "SV Muelheim Nord"]
[WhiteFideId "1204297"]
[BlackFideId "309095"]
[EventDate "2022.10.22"]

1. d4 d5 2. c4 c6 3. Nf3 Nf6 4. Nc3 e6 5. e3 Nbd7 6. Be2 Bd6 7. b3 b6 8. Bb2 Bb7
9. O-O O-O 10. a4 a5 11. Qc2 Qe7 12. Rad1 Rfe8 13. Bd3 Rad8 14. Rfe1 Bb4 15. Re2
h6 16. h3 Qf8 17. e4 Nxe4 18. Nxe4 dxe4 19. Bxe4 Nf6 20. Ne5 Nxe4 21. Qxe4 Qe7
22. Qg4 Qg5 23. Qxg5 hxg5 24. Nd3 Be7 25. Red2 Bf6 26. Ne5 b5 27. Bc3 b4 28. Bb2
Kf8 29. Kf1 Rd6 30. f3 Red8 31. Ng4 Be7 32. Ke2 c5 33. dxc5 Rxd2+ 34. Rxd2 Rxd2+
35. Kxd2 f6 36. Bd4 Bc6 37. Be3 Ke8 38. Nf2 Kd8 39. Ne4 Bxe4 40. fxe4 Kc7 41.
Ke2 Kc6 42. e5 f5 43. Kf3 Bd8 44. Bf2 Be7 45. Be3 Bd8 46. Bf2 Be7 47. Be3 1/2-1/2

[Event "Bundesliga 2022-23"]
[Site "Remagen GER"]
[Date "2023.02.05"]
[Round "6.7"]
[Board "2"]
[White "Nguyen, Thai Dai Van"]
[Black "Plat, Vojtech"]
[Result "1-0"]
[WhiteTitle "GM"]
[BlackTitle "GM"]
[WhiteElo "2634"]
[BlackElo "2546"]
[WhiteTeam "SV Muelheim Nord"]
[BlackTeam "SC Remagen Sinzig"]
[WhiteFideId "358878"]
[BlackFideId "325740"]
[EventDate "2022.10.22"]

1. d4 g6 2. e4 Bg7 3. Nc3 d6 4. Be3 Nf6 5. Qd2 O-O 6. Nf3 Bg4 7. h4 d5 8. e5 Ne4
9. Nxe4 dxe4 10. Nh2 Be6 11. O-O-O Bxa2 12. h5 c5 13. d5 Nd7 14. Bh6 Bxe5 15.
Ng4 Bd4 16. Bxf8 Qxf8 17. Qa5 Ne5 18. Ne3 Qh6 19. Qxa2 Ng4 20. hxg6 Bxe3+ 21.
fxe3 Qxh1 22. gxf7+ Kf8 23. d6 1-0

[Event "Bundesliga 2022-23"]
[Site "Remagen GER"]
[Date "2023.02.05"]
[Round "6.7"]
[Board "3"]
[White "Pavlidis, Antonios"]
[Black "Fridman, Daniel"]
[Result "1/2-1/2"]
[WhiteTitle "GM"]
[BlackTitle "GM"]
[WhiteElo "2550"]
[BlackElo "2603"]
[WhiteTeam "SC Remagen Sinzig"]
[BlackTeam "SV Muelheim Nord"]
[WhiteFideId "4212312"]
[BlackFideId "11600454"]
[EventDate "2022.10.22"]

1. e4 e6 2. d4 d5 3. Nd2 c5 4. exd5 exd5 5. Bb5+ Nc6 6. Ngf3 Qe7+ 7. Be2 Qc7 8.
O-O Nf6 9. Re1 cxd4 10. Nb3 Bb4 11. Bd2 Bxd2 12. Qxd2 O-O 13. Nfxd4 Bd7 14. Nc5
Rad8 15. Nxc6 Bxc6 16. Qd4 Rfe8 17. Bf1 b6 18. Na6 Qd7 19. f3 Bb5 20. Rxe8+ Nxe8 1/2-1/2

[Event "Bundesliga 2022-23"]
[Site "Remagen GER"]
[Date "2023.02.05"]
[Round "6.7"]
[Board "4"]
[White "Beerdsen, Thomas"]
[Black "Burg, Twan"]
[Result "1-0"]
[WhiteTitle "IM"]
[BlackTitle "GM"]
[WhiteElo "2521"]
[BlackElo "2511"]
[WhiteTeam "SV Muelheim Nord"]
[BlackTeam "SC Remagen Sinzig"]
[WhiteFideId "1030108"]
[BlackFideId "1010697"]
[EventDate "2022.10.22"]

1. e4 e5 2. Nf3 Nf6 3. Nxe5 d6 4. Nf3 Nxe4 5. Nc3 Nxc3 6. dxc3 Be7 7. Be3 O-O 8.
Qd2 Nd7 9. O-O-O Nf6 10. Bd3 c5 11. Rhe1 Be6 12. Bg5 d5 13. Qf4 Re8 14. Re5 Bd6
15. Bxf6 gxf6 16. Qh6 fxe5 17. Bxh7+ Kh8 18. Bg6+ Kg8 19. Ng5 Qxg5+ 20. Qxg5
fxg6 21. Qxg6+ Kf8 22. Rxd5 Rad8 23. Qf6+ Kg8 24. Rd3 e4 25. Re3 Bc8 26. f4 exf3
27. Qg6+ Kf8 28. Rxf3+ Bf4+ 29. Rxf4+ Ke7 30. Rf7# 1-0

[Event "Bundesliga 2022-23"]
[Site "Remagen GER"]
[Date "2023.02.05"]
[Round "6.7"]
[Board "5"]
[White "Swinkels, Robin"]
[Black "Zelbel, Patrick"]
[Result "1-0"]
[WhiteTitle "GM"]
[BlackTitle "IM"]
[WhiteElo "2513"]
[BlackElo "2456"]
[WhiteTeam "SC Remagen Sinzig"]
[BlackTeam "SV Muelheim Nord"]
[WhiteFideId "1010824"]
[BlackFideId "24624322"]
[EventDate "2022.10.22"]

1. d4 Nf6 2. c4 g6 3. Nc3 Bg7 4. e4 d6 5. Nf3 O-O 6. Be2 e5 7. Be3 exd4 8. Nxd4
Re8 9. f3 c6 10. Bf2 d5 11. exd5 cxd5 12. O-O Nc6 13. c5 Bf8 14. Kh1 Bd7 15. Qd2
Rc8 16. Nxc6 bxc6 17. a3 Nh5 18. Ba6 Rb8 19. b4 Qf6 20. Ne2 Ng7 21. Nd4 Ne6 22.
Nxe6 fxe6 23. f4 Bg7 24. Rac1 Rf8 25. Be3 e5 26. fxe5 Qxe5 27. Bf4 Rxf4 28. Qxf4
Qxf4 29. Rxf4 Bh6 30. Rcf1 Bxf4 31. Rxf4 Re8 32. Kg1 Kg7 33. Kf2 Bc8 34. Bd3 a6
35. Rf3 Re5 36. h3 Rg5 37. Re3 Kf7 38. g3 a5 39. h4 Rg4 40. Rf3+ Ke7 41. Rf4
Rxf4+ 42. gxf4 axb4 43. axb4 Kf6 44. Ke3 h6 45. Kd4 Bd7 46. Bf1 Bc8 47. b5 cxb5
48. Bxb5 g5 49. fxg5+ hxg5 50. hxg5+ Kxg5 51. Kxd5 Bb7+ 52. Bc6 Ba6 53. Ke5 Kg4
54. Bd7+ Kg5 55. Kd6 Bb7 56. Be6 Kf4 57. Bd5 Ba6 58. c6 Ke3 59. Kc5 Bc8 60. c7
Kf4 61. Kb6 Ke5 62. Bb7 Bf5 63. Ka7 Kd6 64. Kb8 Bg4 65. Bc8 Be2 66. Bh3 1-0

[Event "Bundesliga 2022-23"]
[Site "Remagen GER"]
[Date "2023.02.05"]
[Round "6.7"]
[Board "6"]
[White "Gungl, Theo"]
[Black "Cyborowski, Lukasz"]
[Result "1/2-1/2"]
[WhiteTitle "IM"]
[BlackTitle "GM"]
[WhiteElo "2352"]
[BlackElo "2490"]
[WhiteTeam "SV Muelheim Nord"]
[BlackTeam "SC Remagen Sinzig"]
[WhiteFideId "24695653"]
[BlackFideId "1108760"]
[EventDate "2022.10.22"]

1. d4 d5 2. c4 e6 3. Nc3 Nf6 4. Nf3 Be7 5. Bf4 O-O 6. e3 b6 7. cxd5 Nxd5 8. Nxd5
exd5 9. Bd3 c5 10. O-O c4 11. Bc2 Nc6 12. Ne5 Nxe5 13. Bxe5 f6 14. Qh5 g6 15.
Bxg6 hxg6 16. Qxg6+ Kh8 17. Qh6+ Kg8 18. Qg6+ Kh8 19. Qh6+ Kg8 20. Qg6+ 1/2-1/2

[Event "Bundesliga 2022-23"]
[Site "Remagen GER"]
[Date "2023.02.05"]
[Round "6.7"]
[Board "7"]
[White "Jaracz, Pawel"]
[Black "Hausrath, Daniel"]
[Result "1/2-1/2"]
[WhiteTitle "GM"]
[BlackTitle "GM"]
[WhiteElo "2463"]
[BlackElo "2465"]
[WhiteTeam "SC Remagen Sinzig"]
[BlackTeam "SV Muelheim Nord"]
[WhiteFideId "1102222"]
[BlackFideId "4617495"]
[EventDate "2022.10.22"]

1. e4 c6 2. d4 d5 3. e5 Bf5 4. Nf3 e6 5. Be2 Nd7 6. O-O Bg6 7. Nbd2 Nh6 8. Nb3
Be7 9. c3 O-O 10. Bxh6 gxh6 11. Qd2 Kg7 12. Bd3 a5 13. Nc1 a4 14. Ne2 c5 15. Ne1
cxd4 16. cxd4 Qb6 17. Nc2 Rac8 18. Rab1 f6 19. exf6+ Bxf6 20. b3 a3 21. Bxg6
hxg6 22. Ne3 h5 23. Rbc1 Be7 24. g3 Bb4 25. Qd1 Rfe8 26. Nf4 Rxc1 27. Qxc1 Nf8
28. Rd1 Bd6 29. Neg2 Qc6 30. Qxc6 bxc6 31. Rc1 Rc8 32. Nd3 Nd7 33. Ngf4 Kf7 34.
Re1 Re8 35. Rc1 Rc8 36. Re1 Re8 37. Rc1 1/2-1/2

[Event "Bundesliga 2022-23"]
[Site "Remagen GER"]
[Date "2023.02.05"]
[Round "6.7"]
[Board "8"]
[White "Dinstuhl, Volkmar"]
[Black "Geirnaert, Steven"]
[Result "0-1"]
[WhiteTitle "IM"]
[BlackTitle "IM"]
[WhiteElo "2379"]
[BlackElo "2399"]
[WhiteTeam "SV Muelheim Nord"]
[BlackTeam "SC Remagen Sinzig"]
[WhiteFideId "4613562"]
[BlackFideId "203866"]
[EventDate "2022.10.22"]

1. c4 e5 2. d3 Nc6 3. Nf3 f5 4. a3 Nf6 5. Nc3 d6 6. g3 g6 7. Bg2 Bg7 8. O-O O-O
9. Rb1 h6 10. b4 a6 11. a4 Be6 12. b5 axb5 13. axb5 Ne7 14. Ne1 c6 15. Nc2 d5
16. bxc6 bxc6 17. cxd5 cxd5 18. Nb5 Qd7 19. d4 e4 20. Bf4 g5 21. Be5 Ng4 22.
Bxg7 Kxg7 23. f3 Nf6 24. Qd2 Ng6 25. f4 Rfc8 26. Ne3 gxf4 27. gxf4 Rab8 28. Nc3
Rxb1 29. Nxb1 Nh5 30. Nd1 Qc7 31. e3 Kh7 32. Kh1 Rg8 33. Qf2 Qe7 34. Bh3 Nh4 35.
Nd2 Rc8 36. Nb3 Nf3 37. Nc5 Nf6 38. Nc3 Rg8 39. Rb1 Bc8 40. Qa2 Qf7 41. Bg2 Qh5
42. h3 Rg3 0-1

[Event "Bundesliga 2022-23"]
[Site "Remagen GER"]
[Date "2023.02.05"]
[Round "6.8"]
[Board "1"]
[White "Mamedyarov, Shakhriyar"]
[Black "Van Foreest, Jorden"]
[Result "1/2-1/2"]
[WhiteTitle "GM"]
[BlackTitle "GM"]
[WhiteElo "2747"]
[BlackElo "2694"]
[WhiteTeam "SC Viernheim"]
[BlackTeam "SG Solingen"]
[WhiteFideId "13401319"]
[BlackFideId "1039784"]
[EventDate "2022.10.22"]

1. c4 c5 2. Nf3 Nc6 3. Nc3 e5 4. e3 Nf6 5. d4 e4 6. Ne5 g6 7. g4 h6 8. h3 Bg7 9.
Bg2 O-O 10. O-O Qe7 11. b3 cxd4 12. exd4 Nxe5 13. dxe5 Qxe5 14. Bb2 d5 15. Qe2
d4 16. Nxe4 Nxg4 17. f4 d3 18. fxe5 dxe2 19. Rfe1 Ne3 20. Rxe2 Nxg2 21. Kxg2 Rd8
22. Nd6 1/2-1/2

[Event "Bundesliga 2022-23"]
[Site "Remagen GER"]
[Date "2023.02.05"]
[Round "6.8"]
[Board "2"]
[White "Ragger, Markus"]
[Black "Abdusattorov, Nodirbek"]
[Result "1/2-1/2"]
[WhiteTitle "GM"]
[BlackTitle "GM"]
[WhiteElo "2632"]
[BlackElo "2713"]
[WhiteTeam "SG Solingen"]
[BlackTeam "SC Viernheim"]
[WhiteFideId "1610856"]
[BlackFideId "14204118"]
[EventDate "2022.10.22"]

1. e4 c5 2. Nf3 Nc6 3. d4 cxd4 4. Nxd4 Nf6 5. Nc3 e5 6. Ndb5 d6 7. Bg5 a6 8. Na3
b5 9. Nd5 Be7 10. Bxf6 Bxf6 11. c4 b4 12. Nc2 O-O 13. g3 Bg5 14. h4 Bh6 15. Bh3
Be6 16. Kf1 a5 17. Kg2 Qb8 18. b3 Qb7 19. Qd3 Nb8 20. Rad1 Na6 21. Qf3 Nc5 22.
Rhe1 Kh8 23. Qh5 a4 24. Qf3 axb3 25. axb3 Qc8 26. g4 Bxd5 27. Rxd5 Bf4 28. Nxb4
Rb8 29. Nd3 Rxb3 30. Qd1 Nxd3 31. Rxd3 Rb2 32. Rxd6 Qc5 33. Rf1 g6 34. Rd8 Rxd8
35. Qxd8+ Kg7 36. g5 Rd2 37. Qf6+ Kg8 38. Bg4 Qxc4 39. Ra1 Qxe4+ 40. Bf3 Rxf2+
41. Kg1 Bxg5 42. Bxe4 Rxf6 43. hxg5 Rf4 44. Bd5 Rg4+ 45. Kf2 Rxg5 46. Ra7 Rf5+
47. Ke3 h5 48. Be4 Rf1 49. Bg2 Re1+ 50. Kf2 Rd1 51. Re7 Rd2+ 52. Kf1 f6 53. Be4
g5 54. Bf5 Kf8 55. Ra7 Rd4 56. Kg2 Rf4 57. Bg6 h4 58. Rf7+ Kg8 59. Kh3 e4 60.
Re7 f5 61. Bh5 Rf2 62. Ra7 Rf1 63. Re7 Rf4 64. Be2 Kf8 65. Ra7 Kg8 66. Re7 Kh8
67. Bh5 Rf1 68. Kg2 Rf4 69. Kh3 Kg8 1/2-1/2

[Event "Bundesliga 2022-23"]
[Site "Remagen GER"]
[Date "2023.02.05"]
[Round "6.8"]
[Board "3"]
[White "Kryvoruchko, Yuriy"]
[Black "Tari, Aryan"]
[Result "1-0"]
[WhiteTitle "GM"]
[BlackTitle "GM"]
[WhiteElo "2658"]
[BlackElo "2656"]
[WhiteTeam "SC Viernheim"]
[BlackTeam "SG Solingen"]
[WhiteFideId "14109182"]
[BlackFideId "1510045"]
[EventDate "2022.10.22"]

1. e4 e5 2. Nf3 Nc6 3. Bb5 Nf6 4. O-O Nxe4 5. Re1 Nd6 6. Nxe5 Be7 7. Bf1 Nxe5 8.
Rxe5 O-O 9. d4 Bf6 10. Re1 Re8 11. Bf4 Rxe1 12. Qxe1 Ne8 13. Nc3 Bxd4 14. Nd5 d6
15. Bg5 f6 16. Bh4 g5 17. Qe4 Bxb2 18. Re1 Be5 19. f4 gxh4 20. fxe5 dxe5 21. Bd3
Kf8 22. Ne3 Qd4 23. Qxh7 Be6 24. Bg6 Rd8 25. Qh6+ Ke7 26. Qh7+ Kf8 27. h3 Qd2
28. Qxh4 Rd4 29. Qh8+ Bg8 30. Qh6+ Ng7 31. Rf1 Rf4 32. Rd1 Qxe3+ 33. Kh2 Rf3 34.
Rd8+ Ke7 35. Qxg7+ Kxd8 36. Qf8+ Kd7 37. Be8+ Ke6 38. Qxg8+ Ke7 39. Qf7+ Kd6 40.
Qf8+ Kd5 41. Bf7+ Kc6 42. Be8+ Kd5 43. Qg8+ Kd6 44. gxf3 Qd2+ 45. Qg2 Qf4+ 46.
Kg1 Qe3+ 47. Kh1 Qc1+ 48. Qg1 Qxc2 49. h4 Qxa2 50. Qd1+ Kc5 51. h5 Qc4 52. Bg6
Qh4+ 53. Kg2 Qg5+ 54. Kh3 Qf4 55. Qd3 a5 56. Qe4 Qg5 57. Qxb7 a4 58. Qxc7+ Kb4
59. Qd6+ Kb3 60. Bf7+ Kc2 61. Qc6+ Kd2 62. Qxa4 Qg1 63. Qa2+ Kd3 64. Bg6+ Kc3
65. Qg2 1-0

[Event "Bundesliga 2022-23"]
[Site "Remagen GER"]
[Date "2023.02.05"]
[Round "6.8"]
[Board "4"]
[White "L'Ami, Erwin"]
[Black "Korobov, Anton"]
[Result "1-0"]
[WhiteTitle "GM"]
[BlackTitle "GM"]
[WhiteElo "2617"]
[BlackElo "2672"]
[WhiteTeam "SG Solingen"]
[BlackTeam "SC Viernheim"]
[WhiteFideId "1007998"]
[BlackFideId "14105730"]
[EventDate "2022.10.22"]

1. d4 Nf6 2. c4 e6 3. Nf3 b6 4. g3 Bb7 5. Bg2 Be7 6. O-O O-O 7. Nc3 Ne4 8. Bd2
d5 9. cxd5 exd5 10. Qb3 Nxd2 11. Nxd2 c6 12. e4 dxe4 13. Ndxe4 Na6 14. Rad1 Nc7
15. Rfe1 Rb8 16. h4 Kh8 17. f4 Ne6 18. Qc4 b5 19. Qd3 b4 20. Na4 Qa5 21. b3 Rbd8
22. Qe3 Bc8 23. Qf2 Nc7 24. Ng5 Bf6 25. Bxc6 Nb5 26. d5 Bg4 27. Qc5 Bxd1 28.
Rxd1 a6 29. d6 Rb8 30. Ne4 Qd8 31. Nxf6 Qxf6 32. d7 h6 33. Kh2 Qe6 34. Rd2 Rfd8
35. Nb6 Qe1 36. Nc4 Na3 37. Qf2 Qe7 38. Ne5 Nb1 39. Re2 Kg8 40. Bd5 Rxd7 41.
Bxf7+ Qxf7 42. Nxf7 Rxf7 43. Qe1 1-0

[Event "Bundesliga 2022-23"]
[Site "Remagen GER"]
[Date "2023.02.05"]
[Round "6.8"]
[Board "5"]
[White "Anton Guijarro, David"]
[Black "Warmerdam, Max"]
[Result "1-0"]
[WhiteTitle "GM"]
[BlackTitle "GM"]
[WhiteElo "2655"]
[BlackElo "2612"]
[WhiteTeam "SC Viernheim"]
[BlackTeam "SG Solingen"]
[WhiteFideId "2285525"]
[BlackFideId "1048104"]
[EventDate "2022.10.22"]

1. Nf3 d5 2. g3 g6 3. Bg2 Bg7 4. O-O e5 5. d3 Nc6 6. e4 Nf6 7. Nc3 dxe4 8. dxe4
Bg4 9. Be3 Qc8 10. Qc1 O-O 11. Ne1 Nd4 12. f3 Be6 13. Rf2 c6 14. Nb1 Rd8 15. c3
Nb5 16. Nd2 Nd6 17. Qc2 Qc7 18. b3 a5 19. a4 b6 20. Nd3 Nb7 21. Rb1 Nd7 22. f4
exf4 23. gxf4 Ndc5 24. Nxc5 Nxc5 25. f5 Bc8 26. Bf1 Nd7 27. Be2 Ne5 28. Rbf1 Ba6
29. Bxa6 Rxa6 30. Nc4 Nxc4 31. bxc4 c5 32. Bg5 Rd7 33. Rd2 Rxd2 34. Qxd2 Ra8 35.
Qd5 Re8 36. Rf3 Be5 37. h4 Kg7 38. Qd2 f6 39. Bh6+ Kf7 40. Qd5+ Ke7 41. Kf2 Qc8
42. Bg5 Kf8 43. fxg6 Qe6 44. Bh6+ Kg8 45. h5 Qxd5 46. exd5 hxg6 47. hxg6 Re7 48.
Re3 1-0

[Event "Bundesliga 2022-23"]
[Site "Remagen GER"]
[Date "2023.02.05"]
[Round "6.8"]
[Board "6"]
[White "Van Wely, Loek"]
[Black "Amin, Bassem"]
[Result "1/2-1/2"]
[WhiteTitle "GM"]
[BlackTitle "GM"]
[WhiteElo "2629"]
[BlackElo "2667"]
[WhiteTeam "SG Solingen"]
[BlackTeam "SC Viernheim"]
[WhiteFideId "1000268"]
[BlackFideId "10601457"]
[EventDate "2022.10.22"]

1. d4 Nf6 2. c4 g6 3. Nf3 Bg7 4. g3 O-O 5. Bg2 d6 6. Nc3 Nc6 7. d5 Na5 8. b3 c5
9. Bb2 a6 10. O-O Rb8 11. Nd2 b5 12. Qc1 e5 13. dxe6 Bxe6 14. cxb5 axb5 15. Nce4
Bf5 16. Nxf6+ Bxf6 17. Ne4 Bxe4 18. Bxe4 Re8 19. Bf3 Rb6 20. Rd1 Nc6 21. e3 b4
22. Qd2 Bxb2 23. Qxb2 Ne5 24. Bd5 Qf6 25. Qe2 h5 26. h3 Nd7 27. Rac1 Qf5 28. Bg2
Nf6 29. Rc4 Qe5 30. Rd3 Re7 31. Kh2 Ra7 32. Rd2 Rba6 33. Bf3 Ra5 34. Kg2 Kg7 1/2-1/2

[Event "Bundesliga 2022-23"]
[Site "Remagen GER"]
[Date "2023.02.05"]
[Round "6.8"]
[Board "7"]
[White "Meier, Georg"]
[Black "Predojevic, Borki"]
[Result "1/2-1/2"]
[WhiteTitle "GM"]
[BlackTitle "GM"]
[WhiteElo "2613"]
[BlackElo "2584"]
[WhiteTeam "SC Viernheim"]
[BlackTeam "SG Solingen"]
[WhiteFideId "4675789"]
[BlackFideId "930849"]
[EventDate "2022.10.22"]

1. Nf3 Nf6 2. g3 g6 3. Bg2 Bg7 4. O-O O-O 5. d4 d6 6. a4 a5 7. Nbd2 Nc6 8. c3 e5
9. dxe5 dxe5 10. Nc4 e4 11. Nfd2 Re8 12. Qc2 Qe7 13. b3 Bg4 14. Re1 Nd5 15. Bb2
e3 16. Ne4 exf2+ 17. Nxf2 Ne3 18. Nxe3 Qxe3 19. Rad1 Be6 20. c4 Nb4 1/2-1/2